00497 2200193 4500245004400000020002200044250001200066100002200078700002300100700001900123650002000142650002100162005001900183260004000202041001400242084000800256300003000264336000900294 aFilosofi TerascHenry ManampiringhText a978-623-346-303-4 aCet. 46 aHenry Manampiring aPatricia Wulandari aLevina Lesmana aFilsafat Yunani aKesehatan Mental a20230721093741 aJakartabPenerbit Buku Kompasc2022 aIndonesia a171 axxviii, 326 hlm. :cilus. atext